| 000 | 00737nam a2200205Ia 4500 | ||
|---|---|---|---|
| 005 | 20241129110142.0 | ||
| 008 | 241129s9999||||xx |||||||||||||| ||und|| | ||
| 037 | _aTB | ||
| 040 |
_aARTS _bpun _cARTS |
||
| 041 |
_apun _2pun |
||
| 084 |
_aO153,6(w,1)NME R3 _qARTS |
||
| 100 |
_aਮਹਿਮੀ, ਰਘਬੀਰ ਸਿੰਘ, ਚ _9727422 |
||
| 245 | 0 |
_aਅੰਗਰੇਗ਼ੋ ਦਾ ਲਾਡਲਾ _cਮਹਿਮੀ, ਰਘਬੀਰ ਸਿੰਘ, ਚ |
|
| 260 |
_aਸਮਾਣਾ, ਭਾਰਤ _bਸਮਾਣਾ ਨਵਰੰਗ ਪਬਲੀਕੇਸ਼ਨਗ਼ _c2023 |
||
| 300 | _a127ਪ੍ਰ0 | ||
| 365 |
_aINR _b300 |
||
| 650 | _aPunjabi Prose | ||
| 942 |
_cTB _hO153,6(w,1)NME R3 |
||
| 999 |
_c1227506 _d1227506 |
||